Vestník MH SR

Gespeichert in:
Bibliographische Detailangaben
Format: Schriftenreihe
Sprache:Slowakisch
Veröffentlicht: Bratislava Ministerstvo hospodárstva Slovenskej republiky 2007
Schlagworte:
Tags: Tag hinzufügen
Keine Tags, Fügen Sie das erste Tag hinzu!

MARC

LEADER 00000nas2a2200000 4500
001 0129909
005 20240109103813.5
022 |a 1336-3204 
041 0 |a slo 
044 |a SK 
245 1 0 |a Vestník MH SR 
264 1 |a Bratislava  |b Ministerstvo hospodárstva Slovenskej republiky  |c 2007 
773 0 |w eu_un_cat*0001791 
610 2 0 |a hospodárstvo národné 
610 2 0 |a Slovensko 
610 2 0 |a MH SR Bratislava